Opalubka dlja betonnych konstrukcij /

Gespeichert in:
Bibliographische Detailangaben
1. Verfasser: Peurifoy, R. L.
Weitere Verfasser: Kuliš, G. S.
Format: Buch
Sprache:Russisch
Veröffentlicht: Moskva : Strojizdat, 1981
Online-Zugang: Volltext
Tags: Tag hinzufügen
Keine Tags, Fügen Sie den ersten Tag hinzu!

MARC

LEADER 00000nam a2200000 4500
003 SK-BrCVT
005 20220617210617.0
008 030202s1981 rur e ||||||rus d
035 |a CVTIDW0966904 
040 |b slo  |a CVTI SR 
041 0 |a rus 
044 |a rur 
080 |a 69.057.5  |2 UDC-MRF 
100 1 |a Peurifoy, R. L. 
242 1 0 |a Debnenie pre betónové konštrukcie 
245 1 0 |a Opalubka dlja betonnych konstrukcij /  |c R. L. Peurifoy ; Perevod S Angl. G. S. Kuliš 
260 |a Moskva :  |b Strojizdat,  |c 1981 
300 |a 209 s. 
692 |a DD ZH JM MM 
700 1 |a Kuliš, G. S. 
910 |b A404440 
974 |f Knihy 
992 |a AMG 
999 |c 125058  |d 125058